A History of Philosophy in America
Gorde:
| Egile nagusia: | |
|---|---|
| Formatua: | Liburua |
| Hizkuntza: | English |
| Argitaratua: |
New York, Estados Unidos
Capricorn Books
1977
|
| Gaiak: | |
| Etiketak: |
Etiketa erantsi
Etiketarik gabe, Izan zaitez lehena erregistro honi etiketa jartzen!
|
MARC
| LEADER | 00000nam a2200000Ia 4500 | ||
|---|---|---|---|
| 008 | 170316s9999 xx 000 0 eng d | ||
| 040 | |a cru BVZT | ||
| 090 | |a H-100 F-1a v.1 | ||
| 100 | |a Flower, Elizabeth; Murphey, Murray G. | ||
| 245 | 2 | |a A History of Philosophy in America |c Flower, Elizabeth; Murphey, Murray G. | |
| 260 | |a New York, Estados Unidos | ||
| 260 | |b Capricorn Books | ||
| 260 | |c 1977 | ||
| 300 | |a 435 páginas. Vol. 1. | ||
| 650 | |a FILOSOFÍA |9 5 | ||
| 650 | 0 | |a EN IDIOMA INGLÉS |9 129 | |
| 650 | |a HISTORIA DE FILOSOFÍA EN AMÉRICA | ||
| 999 | |c 28906 |d 28906 | ||
| 942 | |c LIB |h H-100 F-1a v.1 |2 z | ||
